000 00520nam a2200169Ia 4500
005 20250508153315.0
008 008 250505s9999 xx 000 0 eng d
037 _aBooks to be hide in OPAC
040 _aFEDL
_beng
_cFEDL
041 _aeng
_2eng
084 _a371.426, UNI/O
_qFEDL
245 0 _aVocational teachincal training for industrial occupations
260 _aWashington, USA
_bU.S. Office of Education
_c1944
300 _a304p.
942 _cHB
_h371.426, UNI/O
999 _c1341893
_d1341893